Normal view
MARC view
- الفكر العربي- الحركات الفكرية عند المسلمين- الحركات الاسلامية
Entry Topical Term
001 - CONTROL NUMBER
- control field: 57252
003 - CONTROL NUMBER IDENTIFIER
- control field: JO-AjAnu
005 - DATE AND TIME OF LATEST TRANSACTION
- control field: 20230606083357.0
008 - FIXED-LENGTH DATA ELEMENTS
- fixed length control field: 230606|| aca||aabn | a|a d
040 ## - CATALOGING SOURCE
- Original cataloging agency: JO-AjAnu
- Transcribing agency: JO-AjAnu
150 ## - HEADING--TOPICAL TERM
- Topical term or geographic name entry element: الفكر العربي- الحركات الفكرية عند المسلمين- الحركات الاسلامية
670 ## - SOURCE DATA FOUND
- Source citation: Work cat.: (JO-AjAnu)29211: المحافظة، علي, author 57251, الاتجاهات الفكرية عند العرب في عصر النهضة 1798-1914 : الاتجاهات الدينية والسياسية والاجتماعية والعلمية